000 00253nam a22001097a 4500
082 _a741.642
100 _aVerendar
_976607
245 _aFreezing Stories For Children
260 _a Delhi
_bRaj Book
_c2017
650 _a Children
_980427
942 _cBK
999 _c63791
_d63791